50 largest cities in 1950. - Statistics

General Stats
  • This quiz has been taken 242 times
    202 since last reset
  • The average score is 31 of 50
Answer Stats
Rank Population City % Correct
1 12,914,000 New York City
97%
2 12,088,000 London
94%
3 8,400,000 Tokyo
92%
4 7,000,000 Moscow
91%
5 6,650,000 Paris
91%
15 3,300,000 East Berlin
90%
13 3,900,000 Beijing
87%
11 4,368,000 Los Angeles
87%
7 5,587,000 Chicago
85%
36 1,527,000 Madrid
83%
32 1,658,000 Rome
83%
6 5,800,000 Shanghai
83%
21 2,370,000 Cairo
77%
16 3,125,000 Mexico City
76%
10 4,425,000 Osaka
75%
18 3,000,000 Bombay
73%
12 4,200,000 Leningrad
73%
19 2,413,000 Rio de Janeiro
73%
37 1,500,000 Barcelona
71%
8 4,618,000 Buenos Aires
69%
39 1,500,000 Milan
68%
17 3,016,000 Detroit
67%
26 2,030,000 Hong Kong
66%
14 3,671,000 Philadelphia
65%
24 2,228,000 Sao Paulo
65%
20 2,411,000 Boston
64%
23 2,241,000 San Francisco
61%
44 1,446,000 Seoul
61%
33 1,611,000 Sydney
61%
9 4,600,000 Calcutta
59%
38 1,500,000 Manchester
58%
42 1,464,000 Washington DC
58%
47 1,413,000 Guangzhou
56%
50 1,360,000 Melbourne
54%
22 2,242,000 Birmingham
51%
31 1,687,000 Hamburg
51%
28 1,796,000 Vienna
51%
40 1,475,000 Manila
48%
43 1,450,000 Santiago
41%
48 1,405,000 Baltimore
40%
34 1,595,000 Budapest
39%
29 1,772,000 Tianjin
39%
49 1,388,000 Liverpool
37%
30 1,719,000 St. Louis
36%
41 1,466,000 Cleveland
33%
35 1,539,000 Montreal
32%
45 1,445,000 Wuhan
30%
27 1,833,000 Kyoto
29%
25 2,213,000 Pittsburgh
26%
46 1,416,000 Madras
7%
No matching quizzes found
Score Distribution
Percent of People with Each Score
Percentile by Number Answered
Your Score History
You have not taken this quiz since the last reset